000 00524nam a2200181Ia 4500
005 20250326125411.0
008 250326s9999 xx 000 0 und d
037 _aTextbook
040 _aFMSL
_beng
_cFMSL
041 _aeng
_2eng
084 _aX9W.2'N81t M3;2
_qFMSL
100 _aAnnual Report
245 0 _aPublic enterprises survey 1982-83
_cAnnual Report
260 _aNew Delhi
_bNew Delhi, Ministry Of Fice
_c1983
300 _a315p
942 _cTB
_hX9W.2'N81t M3;2
999 _c1277889
_d1277889